[Event "DEM U12/U12w 2004"]
[Site "Willingen GER"]
[Date "2004.06.03"]
[Round "8"]
[White "Kohm, Vanessa"]
[Black "Weber, Raphael"]
[Result "0-1"]
[Termination "normal"]
[Board "28"]
[WhiteElo "1315"]
[BlackElo "1471"]
[PlyCount "98"]
[WhiteFideId "4674472"]
[BlackFideId "24644110"]
[EventCountry "GER"]
[EventRounds "11"]
[EventType "swiss"]
[EventDate "2004.05.29"]

1. e4 e5 2. Nf3 Nc6 3. d4 exd4 4. Nxd4 Qh4 5. Be3 Qxe4 6. Qd3 Qxd3 7. Bxd3 Nxd4
8. Bxd4 f6 9. O-O Ne7 10. Re1 b6 11. Nc3 c6 12. Re2 Bb7 13. Rae1 c5 14. Be3
O-O-O 15. Nb5 Nc6 16. Bf4 a6 17. Nd6+ Bxd6 18. Bxd6 Nb4 19. Bc4 Bd5 20. Bxd5
Nxd5 21. h3 Nc7 22. Re3 Rde8 23. Rxe8+ Rxe8 24. Rxe8+ Nxe8 25. Bf4 d5 26. Kf1
g5 27. Bd2 Nd6 28. b3 Kd7 29. Ke2 Ke6 30. Ke3 h6 31. Bc1 Nf5+ 32. Kd3 b5 33.
Kc3 Nd4 34. Kd3 Ke5 35. Bb2 f5 36. g3 h5 37. c4 dxc4+ 38. bxc4 f4 39. Ba1 fxg3
40. fxg3 h4 41. gxh4 gxh4 42. Bxd4+ cxd4 43. c5 Kd5 44. c6 Kxc6 45. Kxd4 b4 46.
Kc4 a5 47. Kb3 Kb5 48. Kc2 Kc4 49. Kd2 a4 0-1

[Event "DEM U12/U12w 2004"]
[Site "Willingen GER"]
[Date "2004.06.03"]
[Round "8"]
[White "Bochis, Julia"]
[Black "Huhnstock, Rico"]
[Result "1-0"]
[Termination "normal"]
[Board "29"]
[WhiteElo "1261"]
[BlackElo "1449"]
[PlyCount "119"]
[WhiteFideId "24647276"]
[BlackFideId "24642932"]
[EventCountry "GER"]
[EventRounds "11"]
[EventType "swiss"]
[EventDate "2004.05.29"]

1. e4 c5 2. c3 d5 3. exd5 Qxd5 4. d4 cxd4 5. Qxd4 Qxd4 6. cxd4 Nc6 7. Bb5 Bd7
8. Nf3 a6 9. Bc4 e6 10. Nc3 Bb4 11. Bd2 b5 12. Bb3 Nf6 13. O-O O-O 14. a3 Ba5
15. Rac1 Rac8 16. Rfd1 h6 17. Be1 Rfd8 18. d5 exd5 19. Nxd5 Nxd5 20. Bxd5 Bxe1
21. Rxe1 Kf8 22. Kf1 Re8 23. Rxe8+ Kxe8 24. Ke1 f6 25. Kd2 Ne7 26. Re1 Bc6 27.
Bxc6+ Rxc6 28. Nd4 Rd6 29. Kc3 Kd7 30. Rxe7+ Kxe7 31. Nf5+ Kd7 32. Nxd6 Kxd6
33. Kd4 a5 34. b3 g6 35. f4 g5 36. fxg5 hxg5 37. g4 Kc6 38. b4 axb4 39. axb4
Kd6 40. h3 Kc6 41. Ke4 Kd6 42. Kf5 Ke7 43. Kg6 Ke6 44. Kg7 f5 45. gxf5+ Kxf5
46. Kf7 Ke5 47. Kg6 Kf4 48. Kf6 g4 49. hxg4 Kxg4 50. Ke6 Kf4 51. Kd6 Ke4 52.
Kc5 Ke5 53. Kxb5 Kd6 54. Kb6 Kd7 55. Kb7 Kd8 56. Kc6 Kc8 57. b5 Kb8 58. Kb6 Kc8
59. Ka7 Kc7 60. b6+ 1-0

[Event "DEM U12/U12w 2004"]
[Site "Willingen GER"]
[Date "2004.06.03"]
[Round "8"]
[White "Voss, Chantal"]
[Black "Mijatovic, Andrea"]
[Result "1/2-1/2"]
[Termination "normal"]
[Board "31"]
[WhiteElo "1247"]
[BlackElo "1422"]
[PlyCount "58"]
[WhiteFideId "4664906"]
[BlackFideId "14514524"]
[EventCountry "GER"]
[EventRounds "11"]
[EventType "swiss"]
[EventDate "2004.05.29"]

1. d4 d5 2. c4 e6 3. Nc3 Nf6 4. Bg5 Nbd7 5. e3 c6 6. cxd5 exd5 7. Qc2 Qa5 8.
Bd3 Bb4 9. Nge2 O-O 10. O-O Re8 11. f3 h6 12. Bxf6 Nxf6 13. e4 Bxc3 14. Nxc3
Qb4 15. Ne2 Be6 16. e5 Nd7 17. Rae1 c5 18. a3 Qb6 19. Qc3 cxd4 20. Nxd4 Rac8
21. Qb4 Qxb4 22. axb4 a6 23. f4 Nb6 24. f5 Bd7 25. b3 Rc3 26. Bc2 Bc8 27. Bb1
Rc7 28. Rf2 Rce7 29. Rfe2 Nd7 1/2-1/2

[Event "DEM U12/U12w 2004"]
[Site "Willingen GER"]
[Date "2004.06.03"]
[Round "8"]
[White "Hinz, Arne"]
[Black "Prosch, Julia"]
[Result "1/2-1/2"]
[Termination "normal"]
[Board "32"]
[WhiteElo "1524"]
[BlackElo "1300"]
[PlyCount "58"]
[WhiteFideId "24634875"]
[EventCountry "GER"]
[EventRounds "11"]
[EventType "swiss"]
[EventDate "2004.05.29"]

1. e4 c5 2. f4 Nc6 3. Nf3 g6 4. Be2 Bg7 5. O-O e6 6. Nc3 Nge7 7. d3 d5 8. e5 a6
9. Qe1 O-O 10. Qf2 b6 11. Re1 f6 12. exf6 Bxf6 13. Kh1 e5 14. fxe5 Bxe5 15. Qh4
Nf5 16. Qxd8 Rxd8 17. Nxe5 Nxe5 18. Bf4 Nc6 19. Na4 Nfd4 20. Nxb6 Ra7 21. Nxc8
Rxc8 22. Rac1 Re8 23. Bg4 Rxe1+ 24. Rxe1 Nxc2 25. Rc1 N2b4 26. Bd6 Kg7 27. Rxc5
Nxd3 28. Rxc6 Nxb2 29. Bf8+ Kxf8 1/2-1/2

[Event "DEM U12/U12w 2004"]
[Site "Willingen GER"]
[Date "2004.06.03"]
[Round "8"]
[White "Wolf, Isaak"]
[Black "Simonow, Andrej"]
[Result "1-0"]
[Termination "normal"]
[Board "33"]
[WhiteElo "1262"]
[BlackElo "1370"]
[PlyCount "61"]
[BlackFideId "24637637"]
[EventCountry "GER"]
[EventRounds "11"]
[EventType "swiss"]
[EventDate "2004.05.29"]

1. e4 e6 2. d4 d5 3. Nc3 Nf6 4. Bg5 Be7 5. e5 Nfd7 6. Bxe7 Qxe7 7. f4 a6 8. Nf3
c5 9. Qd2 Nc6 10. O-O-O b5 11. g4 Bb7 12. Bg2 b4 13. Ne2 c4 14. c3 a5 15. f5 h6
16. h4 a4 17. cxb4 Nxb4 18. Nc3 Nd3+ 19. Kb1 a3 20. b3 cxb3 21. Qxd3 Qb4 22.
Qd2 Ba6 23. Bf1 Rc8 24. Bxa6 Rxc3 25. Rc1 bxa2+ 26. Kxa2 Qb3+ 27. Ka1 Rxc1+ 28.
Qxc1 Qxf3 29. fxe6 Nf8 30. Qc6+ Ke7 31. Qc7+ 1-0

[Event "DEM U12/U12w 2004"]
[Site "Willingen GER"]
[Date "2004.06.03"]
[Round "8"]
[White "Yakovenko, Oleg"]
[Black "Schnieber, Jacqueline"]
[Result "1/2-1/2"]
[Termination "normal"]
[Board "34"]
[WhiteElo "1365"]
[BlackElo "1140"]
[PlyCount "41"]
[WhiteFideId "4696000"]
[EventCountry "GER"]
[EventRounds "11"]
[EventType "swiss"]
[EventDate "2004.05.29"]

1. e4 e5 2. Nf3 Nc6 3. Bb5 a6 4. Ba4 Nf6 5. O-O Be7 6. Re1 b5 7. Bb3 O-O 8. c3
d5 9. exd5 Nxd5 10. Nxe5 Nxe5 11. Rxe5 c6 12. d4 Bd6 13. Re1 Qh4 14. g3 Qh3 15.
Qf3 Bg4 16. Qg2 Qh5 17. Bxd5 cxd5 18. f4 Bf3 19. Qf2 f5 20. Rf1 Bg4 21. Bd2
1/2-1/2

[Event "DEM U12/U12w 2004"]
[Site "Willingen GER"]
[Date "2004.06.03"]
[Round "8"]
[White "Jebtchouk, Dimitrij"]
[Black "Müller, Anna-Louise"]
[Result "1-0"]
[Termination "normal"]
[Board "35"]
[WhiteElo "1235"]
[BlackElo "1349"]
[PlyCount "51"]
[BlackFideId "4633512"]
[EventCountry "GER"]
[EventRounds "11"]
[EventType "swiss"]
[EventDate "2004.05.29"]

1. e4 c5 2. Nf3 d6 3. d4 cxd4 4. Nxd4 Nf6 5. Nc3 g6 6. Be3 Bg7 7. Qd2 O-O 8. f3
Nc6 9. O-O-O Nxd4 10. Bxd4 Be6 11. g4 h5 12. gxh5 Nxh5 13. Bxg7 Kxg7 14. Qg5
Rc8 15. Rg1 Qc7 16. Qxh5 Bxa2 17. Bh3 e6 18. Bxe6 Bxe6 19. f4 Rh8 20. Qg5 Rh5
21. Qxh5 Rh8 22. Qg5 Rh6 23. f5 Bc4 24. h4 f6 25. Qf4 Bf7 26. Rxd6 1-0

[Event "DEM U12/U12w 2004"]
[Site "Willingen GER"]
[Date "2004.06.03"]
[Round "8"]
[White "Hohmann, Louisa"]
[Black "Hort, Maria"]
[Result "1/2-1/2"]
[Termination "normal"]
[Board "36"]
[WhiteElo "1339"]
[BlackElo "1082"]
[PlyCount "113"]
[EventCountry "GER"]
[EventRounds "11"]
[EventType "swiss"]
[EventDate "2004.05.29"]

1. e4 c6 2. d4 d5 3. Nc3 dxe4 4. Nxe4 Bf5 5. Ng3 Bg6 6. h4 h6 7. h5 Bh7 8. Nf3
Nd7 9. Bd3 Bxd3 10. Qxd3 Qc7 11. Bd2 Ngf6 12. O-O-O e6 13. Qe2 Be7 14. Ne5 O-O
15. f4 a5 16. Ne4 c5 17. Bc3 b5 18. Nxf6+ Nxf6 19. Be1 b4 20. g4 cxd4 21. Rxd4
Rac8 22. g5 hxg5 23. fxg5 Nh7 24. g6 Bg5+ 25. Kb1 fxg6 26. hxg6 Nf6 27. Qh2 Bh6
28. Bg3 Nh5 29. Rc4 Qb7 30. Qxh5 Rf5 31. Qh3 Rcf8 32. b3 Qxh1+ 33. Qxh1 Rf1+
34. Qxf1 Rxf1+ 35. Kb2 Bc1+ 36. Kb1 Bf4+ 37. Kb2 Bxg3 38. Rc8+ Rf8 39. Rc5 Rf5
40. Rc8+ Rf8 41. Rxf8+ Kxf8 42. Nc4 Bc7 43. c3 bxc3+ 44. Kxc3 Ke7 45. Kd4 Kf6
46. Ke4 Kxg6 47. Kf3 e5 48. Ne3 Kh5 49. Kg3 g5 50. Kh3 e4 51. a3 Bb6 52. Ng2 e3
53. Kg3 g4 54. Nf4+ Kg5 55. Ne2 Bc7+ 56. Kg2 Kh4 57. a4 1/2-1/2

[Event "DEM U12/U12w 2004"]
[Site "Willingen GER"]
[Date "2004.06.03"]
[Round "8"]
[White "Aslan, Benjamin"]
[Black "Döring, Julia"]
[Result "1/2-1/2"]
[Termination "normal"]
[Board "37"]
[WhiteElo "1232"]
[BlackElo "1321"]
[PlyCount "85"]
[WhiteFideId "24640298"]
[EventCountry "GER"]
[EventRounds "11"]
[EventType "swiss"]
[EventDate "2004.05.29"]

1. d4 d5 2. c4 e6 3. Nc3 Nf6 4. cxd5 exd5 5. Bg5 Be7 6. e3 Nbd7 7. Qc2 O-O 8.
Nf3 c6 9. Bd3 Re8 10. O-O Nf8 11. a3 Bg4 12. Nd2 Bh5 13. b4 a6 14. Rfb1 Bg6 15.
Bxg6 Nxg6 16. a4 Bd6 17. b5 axb5 18. axb5 Rxa1 19. Rxa1 Bxh2+ 20. Kxh2 Ng4+ 21.
Kg1 Qxg5 22. Nf3 Qd8 23. bxc6 bxc6 24. Na2 Qd6 25. Rc1 Rc8 26. Qc5 Qxc5 27.
Rxc5 h6 28. Nh2 Nxh2 29. Kxh2 Ne7 30. Nb4 f5 31. Kh3 Kf7 32. g4 Kf6 33. gxf5
Kxf5 34. f3 Ke6 35. e4 dxe4 36. fxe4 g6 37. Kg4 Kd6 38. Kh4 Rb8 39. Rc4 Rb6 40.
Kg4 Ke6 41. Kh4 Kd6 42. Kg4 Ke6 43. Kh4 1/2-1/2

[Event "DEM U12/U12w 2004"]
[Site "Willingen GER"]
[Date "2004.06.03"]
[Round "8"]
[White "Pantusenko, Valeria"]
[Black "Kopp, Nico"]
[Result "1/2-1/2"]
[Termination "normal"]
[Board "38"]
[WhiteElo "1217"]
[BlackElo "1336"]
[PlyCount "44"]
[WhiteFideId "4662920"]
[BlackFideId "24608092"]
[EventCountry "GER"]
[EventRounds "11"]
[EventType "swiss"]
[EventDate "2004.05.29"]

1. e4 e6 2. d4 d5 3. Nc3 dxe4 4. Nxe4 Nd7 5. Nf3 Ngf6 6. Bg5 Be7 7. Bd3 Nxe4 8.
Bxe7 Nxf2 9. Bxd8 Nxd1 10. Rxd1 Kxd8 11. Ng5 Ke7 12. Nxh7 f6 13. Bg6 b6 14. O-O
Bb7 15. Rfe1 Nf8 16. Nxf8 Raxf8 17. Bf5 e5 18. d5 Kd6 19. c4 Rh4 20. b3 Rfh8
21. h3 a5 22. Bg4 Bc8 1/2-1/2

[Event "DEM U12/U12w 2004"]
[Site "Willingen GER"]
[Date "2004.06.03"]
[Round "8"]
[White "Spangenberg, Pia"]
[Black "Dietrich, Stefan"]
[Result "1/2-1/2"]
[Termination "normal"]
[Board "39"]
[WhiteElo "1264"]
[BlackElo "1176"]
[PlyCount "68"]
[WhiteFideId "4627989"]
[EventCountry "GER"]
[EventRounds "11"]
[EventType "swiss"]
[EventDate "2004.05.29"]

1. e4 e5 2. Nf3 Nc6 3. d4 exd4 4. Nxd4 Nxd4 5. Qxd4 d6 6. Nc3 Nf6 7. Bg5 Be7 8.
Be2 O-O 9. O-O-O Bg4 10. f3 Be6 11. e5 dxe5 12. Qxe5 Nd7 13. Bxe7 Qxe7 14. Qe3
Rad8 15. Bc4 Rfe8 16. Rhe1 Nb6 17. Bxe6 Rxd1+ 18. Kxd1 Qxe6 19. Qxe6 fxe6 20.
Nb5 c6 21. Nc7 Rd8+ 22. Kc1 Kf7 23. Re2 Rd7 24. Nxe6 Re7 25. Nf4 Rxe2 26. Nxe2
Nd5 27. a3 a5 28. c4 Ne3 29. Nf4 g5 30. Nd3 Nxg2 31. Kd2 Ke7 32. f4 g4 33. Ne5
h5 34. Ke2 Kf6 1/2-1/2

[Event "DEM U12/U12w 2004"]
[Site "Willingen GER"]
[Date "2004.06.03"]
[Round "8"]
[White "Hoffmann, Cara"]
[Black "Becher, Anne"]
[Result "0-1"]
[Termination "normal"]
[Board "40"]
[WhiteElo "922"]
[BlackElo "1259"]
[PlyCount "118"]
[EventCountry "GER"]
[EventRounds "11"]
[EventType "swiss"]
[EventDate "2004.05.29"]

1. e4 c5 2. Nf3 d6 3. d4 cxd4 4. Nxd4 Nf6 5. Nc3 g6 6. Be3 Bg7 7. f3 O-O 8. Bc4
Nc6 9. Qd2 Bd7 10. g4 Rc8 11. Bb3 Ne5 12. O-O-O Nc4 13. Bxc4 Rxc4 14. h4 h5 15.
gxh5 Nxh5 16. Nde2 Qa5 17. Rdg1 Rfc8 18. Rg5 Qc7 19. Rxh5 gxh5 20. Rg1 Kh8 21.
Bh6 Bf6 22. Bg7+ Bxg7 23. Qg5 Bg4 24. fxg4 f6 25. Qxh5+ Kg8 26. Qd5+ Kf8 27. g5
Qc6 28. Qe6 d5 29. Qxc6 R8xc6 30. exd5 Rc8 31. gxf6 Bxf6 32. h5 Rh4 33. Rf1 Kg7
34. Nb5 a6 35. Nbc3 Rxh5 36. Nf4 Re5 37. b3 Rxc3 38. Kd2 Rce3 39. Ne6+ Kf7 40.
Nc5 Re2+ 41. Kd3 R5e3+ 42. Kc4 Rxc2+ 43. Kb4 b6 44. Nxa6 Re4+ 45. Kb5 Rxa2 46.
Kxb6 Rd4 47. Nc7 Rb4+ 48. Kc6 Rxb3 49. Rc1 Ra4 50. Ne6 Rc3+ 51. Rxc3 Bxc3 52.
Nc5 Rc4 53. Kb5 Rd4 54. Kc6 Bb4 55. Nd7 e6 56. dxe6+ Kxe6 57. Nb6 Ba5 58. Kb7
Bxb6 59. Kxb6 Rc4 0-1

[Event "DEM U12/U12w 2004"]
[Site "Willingen GER"]
[Date "2004.06.03"]
[Round "8"]
[White "Wisheckel, Lena"]
[Black "Eckoldt, Katja"]
[Result "1/2-1/2"]
[Termination "normal"]
[Board "41"]
[WhiteElo "1259"]
[BlackElo "1056"]
[PlyCount "25"]
[WhiteFideId "24691992"]
[EventCountry "GER"]
[EventRounds "11"]
[EventType "swiss"]
[EventDate "2004.05.29"]

1. e4 c5 2. Nf3 d6 3. d4 cxd4 4. Nxd4 Nf6 5. Nc3 a6 6. Be2 e6 7. Nf3 e5 8. Bd2
Be7 9. h3 O-O 10. Bc4 b5 11. Bb3 Bb7 12. Qe2 b4 13. Nd5 1/2-1/2

[Event "DEM U12/U12w 2004"]
[Site "Willingen GER"]
[Date "2004.06.03"]
[Round "8"]
[White "Wild, Katharina"]
[Black "Mätzig, Lara Annabelle"]
[Result "0-1"]
[Termination "normal"]
[Board "42"]
[WhiteElo "1249"]
[BlackElo "1136"]
[PlyCount "112"]
[WhiteFideId "24678015"]
[EventCountry "GER"]
[EventRounds "11"]
[EventType "swiss"]
[EventDate "2004.05.29"]

1. c4 e5 2. Nc3 Nf6 3. Nf3 Nc6 4. g3 Bc5 5. Bg2 d6 6. O-O Be6 7. d3 h6 8. a3 a5
9. Bd2 Qd7 10. Re1 Rb8 11. Na2 Bd4 12. Nxd4 Nxd4 13. e3 Nc6 14. b4 axb4 15.
axb4 h5 16. b5 Ne7 17. Nb4 h4 18. Qc2 hxg3 19. hxg3 Bh3 20. Bf3 Qf5 21. Qd1 Qh7
22. Qc2 Bg4 23. Bg2 Qh2+ 24. Kf1 Bh3 25. Bxh3 Qxh3+ 26. Ke2 Qg4+ 27. f3 Rh2+
28. Kd1 Qxf3+ 29. Kc1 Qxg3 30. Kb2 Nd7 31. Rg1 Qf2 32. Bc3 Qxc2+ 33. Nxc2 Kf8
34. Raf1 Ra8 35. Rg3 Nc5 36. d4 Nd3+ 37. Kb3 exd4 38. Bxd4 g6 39. Rgf3 Nf5 40.
Kc3 Ne5 41. Bxe5 dxe5 42. e4 Nd6 43. Kd3 b6 44. Rf6 Kg7 45. Ke3 Nxc4+ 46. Kd3
Rd8+ 47. Kxc4 Rxc2+ 48. Kb3 Rc5 49. Rxf7+ Kg8 50. Kb4 Rd4+ 51. Ka3 Rxb5 52.
Rxc7 Rd8 53. Rff7 Ra8+ 54. Ra7 Rxa7+ 55. Rxa7 Ra5+ 56. Rxa5 bxa5 0-1

[Event "DEM U12/U12w 2004"]
[Site "Willingen GER"]
[Date "2004.06.03"]
[Round "8"]
[White "Kammrad, Carolin"]
[Black "Gremmer, Jan"]
[Result "1-0"]
[Termination "normal"]
[Board "43"]
[WhiteElo "1177"]
[BlackElo "1240"]
[PlyCount "155"]
[EventCountry "GER"]
[EventRounds "11"]
[EventType "swiss"]
[EventDate "2004.05.29"]

1. e4 e5 2. Nf3 Nc6 3. d4 exd4 4. Nxd4 Nf6 5. Nxc6 bxc6 6. e5 Nd5 7. c4 Nb6 8.
Nd2 Bb7 9. b3 Bc5 10. Bb2 Qe7 11. Qe2 Bb4 12. a3 Bxd2+ 13. Qxd2 d6 14. f4 O-O-O
15. Qe3 f6 16. e6 Rhe8 17. f5 g6 18. Bd3 c5 19. Rg1 d5 20. g4 Ba6 21. cxd5 Bxd3
22. Qxd3 Rxd5 23. Qc3 gxf5 24. gxf5 Re5+ 25. Kd2 Rxf5 26. Raf1 Rxf1 27. Rxf1
Qd6+ 28. Kc1 Rxe6 29. Rxf6 Rxf6 30. Qxf6 Qxf6 31. Bxf6 Kd7 32. Kd2 Kd6 33. Kd3
Nd5 34. Bg7 Nf4+ 35. Kc4 c6 36. Bf8+ Kd7 37. Bxc5 a6 38. a4 Nd5 39. Kd4 Ke6 40.
Ke4 h5 41. Kf3 Ke5 42. Kf2 Ke4 43. Ke2 Nf4+ 44. Kd2 Nd3 45. Bb6 Ne5 46. Kc3 Nf3
47. Bc7 Kd5 48. Kb4 Nd4 49. Ka5 Nxb3+ 50. Kxa6 Nc5+ 51. Ka5 Kc4 52. Bb6 Nb7+
53. Ka6 Nd6 54. a5 Kd5 55. Bc7 Nb5 56. Kb7 Nxc7 57. Kxc7 Kc5 58. a6 Kd5 59. a7
c5 60. a8=Q+ Kd4 61. Qd8+ Kc4 62. Kc6 Kb4 63. Qb8+ Kc4 64. Qb5+ Kd4 65. Qxc5+
Ke4 66. Qxh5 Kf4 67. Kd5 Ke3 68. Qh4 Kd3 69. Qd4+ Kc2 70. Qe3 Kb2 71. Qd3 Ka2
72. Kc4 Kb2 73. Qf3 Ka2 74. Kb4 Kb2 75. Qf2+ Kc1 76. Kb3 Kd1 77. Kc3 Kc1 78.
Qc2# 1-0

[Event "DEM U12/U12w 2004"]
[Site "Willingen GER"]
[Date "2004.06.03"]
[Round "8"]
[White "Dürre, Gregor"]
[Black "Oat, Daniela"]
[Result "1-0"]
[Termination "normal"]
[Board "44"]
[WhiteElo "1370"]
[BlackElo "943"]
[PlyCount "96"]
[EventCountry "GER"]
[EventRounds "11"]
[EventType "swiss"]
[EventDate "2004.05.29"]

1. e4 c5 2. Nc3 d6 3. d3 Bd7 4. g3 Nc6 5. f4 g6 6. Bg2 e6 7. Rb1 Bg7 8. Be3 e5
9. Nf3 Nf6 10. O-O O-O 11. h3 Qc8 12. Kh2 Nh5 13. Nd2 Nd4 14. Nd5 Re8 15. c3
Nc6 16. g4 Nf6 17. Nxf6+ Bxf6 18. f5 Rf8 19. c4 Nb4 20. Qb3 b5 21. a3 bxc4 22.
dxc4 Nc6 23. fxg6 fxg6 24. Bh6 Nd4 25. Qd3 Rf7 26. g5 Bg7 27. Rxf7 Kxf7 28.
Qf1+ Kg8 29. Bxg7 Kxg7 30. Qf6+ Kg8 31. Qxd6 Qe8 32. Qxc5 Qe6 33. Qd5 Qxd5 34.
cxd5 Rc8 35. Nf3 Nxf3+ 36. Bxf3 Rc2+ 37. Kg3 Bb5 38. h4 Be2 39. Bxe2 Rxe2 40.
Kf3 Rh2 41. Rc1 Rxh4 42. Rc8+ Kg7 43. Rc7+ Kg8 44. Rxa7 h6 45. gxh6 Rxh6 46.
Re7 Rh5 47. d6 Rh2 48. d7 Rd2 1-0

[Event "DEM U12/U12w 2004"]
[Site "Willingen GER"]
[Date "2004.06.03"]
[Round "8"]
[White "Khitov, Roman"]
[Black "Kamrla, Robin"]
[Result "0-1"]
[Termination "normal"]
[Board "45"]
[WhiteElo "957"]
[BlackElo "1435"]
[PlyCount "70"]
[EventCountry "GER"]
[EventRounds "11"]
[EventType "swiss"]
[EventDate "2004.05.29"]

1. e4 c5 2. Nf3 Nc6 3. d4 cxd4 4. Nxd4 Nf6 5. Nc3 e5 6. Nxc6 bxc6 7. Bc4 Bb7 8.
O-O Be7 9. a4 d5 10. exd5 cxd5 11. Bb5+ Kf8 12. f4 e4 13. Be3 Qc7 14. Bd4 h6
15. Qd2 Rd8 16. Bxa7 Bc5+ 17. Bxc5+ Qxc5+ 18. Kh1 e3 19. Qd3 d4 20. Ne2 Qd5 21.
Rf3 Ng4 22. Kg1 Nf2 23. Qa3+ Kg8 24. Bd3 h5 25. h3 Nxh3+ 26. Kf1 g5 27. f5 g4
28. Rg3 Nf2 29. Qe7 h4 30. Rxg4+ Nxg4 31. Qg5+ Kf8 32. Qxg4 Rg8 33. Qh3 Qxg2+
34. Qxg2 Bxg2+ 35. Ke1 h3 0-1

[Event "DEM U12/U12w 2004"]
[Site "Willingen GER"]
[Date "2004.06.03"]
[Round "8"]
[White "Rummer, Bärbel"]
[Black "Sancar, Kenan"]
[Result "0-1"]
[Termination "normal"]
[Board "46"]
[WhiteElo "1054"]
[BlackElo "1367"]
[PlyCount "84"]
[WhiteFideId "12900109"]
[BlackFideId "24647543"]
[EventCountry "GER"]
[EventRounds "11"]
[EventType "swiss"]
[EventDate "2004.05.29"]

1. e4 e5 2. Nf3 Nc6 3. Bc4 Bc5 4. d3 d6 5. h3 Be6 6. Nbd2 Nf6 7. O-O O-O 8. b3
Re8 9. Bb2 Qd7 10. Re1 Rad8 11. c3 Bxc4 12. bxc4 a6 13. d4 Ba7 14. Nb3 exd4 15.
cxd4 Rxe4 16. Rxe4 Nxe4 17. Qe1 Re8 18. Qf1 Ne7 19. Re1 Ng6 20. g3 Qa4 21. Qd3
Nf6 22. Rxe8+ Nxe8 23. a3 Qd7 24. Kg2 Qe6 25. d5 Qe7 26. Qc3 Qf8 27. Nbd4 Qe7
28. Qb4 Qe4 29. a4 Ne5 30. Qb3 Bb6 31. h4 Nd3 32. Qc2 Ne1+ 33. Kf1 Nxc2 34.
Nxc2 Qxf3 35. Bd4 Bxd4 36. Nxd4 Qd1+ 37. Kg2 Qxd4 38. Kf1 Nf6 39. Ke2 Ne4 40.
Kf3 f5 41. Kg2 Qxf2+ 42. Kh3 Qxg3# 0-1

[Event "DEM U12/U12w 2004"]
[Site "Willingen GER"]
[Date "2004.06.03"]
[Round "8"]
[White "Knöchel, Sarah"]
[Black "Tantzen, Cedric"]
[Result "1/2-1/2"]
[Termination "normal"]
[Board "47"]
[WhiteElo "1211"]
[BlackElo "1266"]
[PlyCount "44"]
[BlackFideId "24640018"]
[EventCountry "GER"]
[EventRounds "11"]
[EventType "swiss"]
[EventDate "2004.05.29"]

1. e4 e5 2. Nf3 Nc6 3. Bb5 a6 4. Ba4 Nf6 5. O-O d6 6. Re1 Bg4 7. c3 Be7 8.
Bxc6+ bxc6 9. d4 O-O 10. Bg5 Nd7 11. Bxe7 Qxe7 12. h3 Bh5 13. Nbd2 Nb6 14. b3
Rad8 15. Qe2 Ra8 16. Qe3 Rfe8 17. b4 Bxf3 18. Qxf3 exd4 19. cxd4 Qg5 20. Nb3
Qb5 21. a3 Qc4 22. Rac1 Qb5 1/2-1/2

[Event "DEM U12/U12w 2004"]
[Site "Willingen GER"]
[Date "2004.06.03"]
[Round "8"]
[White "Stognief, Ole"]
[Black "Falke, Cynthia"]
[Result "0-1"]
[Termination "normal"]
[Board "48"]
[WhiteElo "1292"]
[BlackElo "1197"]
[PlyCount "90"]
[BlackFideId "24600644"]
[EventCountry "GER"]
[EventRounds "11"]
[EventType "swiss"]
[EventDate "2004.05.29"]

1. e4 e5 2. Nf3 Nc6 3. Bb5 Nf6 4. d3 Bc5 5. O-O d6 6. Bg5 h6 7. Bh4 g5 8. Bg3
Nh5 9. Nc3 Nxg3 10. hxg3 h5 11. Nh2 Be6 12. Bxc6+ bxc6 13. Na4 Bb6 14. Nxb6
cxb6 15. c3 h4 16. gxh4 gxh4 17. Qf3 Rg8 18. Kh1 Qd7 19. Rg1 O-O-O 20. d4 Bg4
21. Nxg4 Rxg4 22. Qf5 Qxf5 23. exf5 exd4 24. cxd4 Rxd4 25. Rac1 c5 26. Rc2 Rf4
27. Re1 Rxf5 28. Re7 Rd7 29. Re8+ Kc7 30. Rh8 Rf4 31. Re2 d5 32. f3 d4 33. Re1
d3 34. b3 d2 35. Rd1 c4 36. Re8 c3 37. Re3 Rc4 38. bxc4 c2 39. Rg1 d1=Q 40.
Rxd1 cxd1=Q+ 41. Kh2 Qd6+ 42. Kh1 Qg3 43. Re1 Qxe1+ 44. Kh2 Qg3+ 45. Kh1 Rd1#
0-1

[Event "DEM U12/U12w 2004"]
[Site "Willingen GER"]
[Date "2004.06.03"]
[Round "8"]
[White "Dannhorn, Anna"]
[Black "Thiele, Eileen"]
[Result "1-0"]
[Termination "normal"]
[Board "49"]
[WhiteElo "1085"]
[BlackElo "894"]
[PlyCount "89"]
[EventCountry "GER"]
[EventRounds "11"]
[EventType "swiss"]
[EventDate "2004.05.29"]

1. e4 e5 2. Nf3 Nc6 3. Bc4 Bc5 4. d3 Nf6 5. Bg5 h6 6. Bh4 d6 7. h3 g5 8. Bg3
Be6 9. Bb5 Qd7 10. Nc3 a6 11. Ba4 O-O-O 12. a3 Qe8 13. Qd2 Bd7 14. O-O-O Nd4
15. Bxd7+ Qxd7 16. Nxd4 Bxd4 17. h4 g4 18. h5 Qc6 19. Ne2 Bc5 20. Bh4 Nxe4 21.
dxe4 Rd7 22. Qd5 Qb6 23. Bf6 Rh7 24. f3 gxf3 25. gxf3 Be3+ 26. Kb1 Bc5 27. b3
Bxa3 28. Bxe5 a5 29. Nc3 f5 30. Qg8+ Rd8 31. Qxh7 dxe5 32. Qxf5+ Kb8 33. Rxd8+
Ka7 34. Qc8 Qc5 35. Nd5 Ka6 36. Qa8+ Kb5 37. Qxb7+ Qb6 38. Nxb6 cxb6 39. Rd5+
Bc5 40. Qd7+ Ka6 41. Rg1 Bxg1 42. Qb5+ Kb7 43. Rd7+ Kc8 44. Qc6+ Kb8 45. Qb7#
1-0

[Event "DEM U12/U12w 2004"]
[Site "Willingen GER"]
[Date "2004.06.03"]
[Round "8"]
[White "Zuyeva, Lisa"]
[Black "Rau, Carla"]
[Result "1-0"]
[Termination "normal"]
[Board "51"]
[WhiteElo "1028"]
[BlackElo "929"]
[PlyCount "119"]
[EventCountry "GER"]
[EventRounds "11"]
[EventType "swiss"]
[EventDate "2004.05.29"]

1. e4 d6 2. Nc3 g6 3. Bc4 Bg7 4. Nf3 Nf6 5. d3 O-O 6. O-O e5 7. Bg5 h6 8. Be3
c5 9. Qd2 Ng4 10. h3 Nxe3 11. Qxe3 Nc6 12. Rad1 Nd4 13. Rc1 Nxf3+ 14. Qxf3 Qg5
15. Nb5 Qd8 16. Qg3 a6 17. Nc3 b5 18. Bd5 Rb8 19. Qxg6 Bb7 20. Qg4 Bxd5 21.
Nxd5 Qg5 22. Qf3 c4 23. Ne3 Rbc8 24. Nf5 cxd3 25. h4 Qf4 26. Qxf4 exf4 27. Ne7+
Kh8 28. Nxc8 Rxc8 29. cxd3 Rxc1 30. Rxc1 Bxb2 31. Rc8+ Kg7 32. Rc6 Ba3 33. Rxa6
Bc5 34. Kf1 Kf6 35. g3 Ke5 36. Ra5 fxg3 37. fxg3 b4 38. Ke2 Kd4 39. Kd2 f6 40.
Ra4 Ke5 41. Kc2 d5 42. Ra5 Bd6 43. Rxd5+ Ke6 44. Rh5 Bxg3 45. Rxh6 Bd6 46. d4
Kf7 47. Rh7+ Kg6 48. Rd7 Bf8 49. d5 Bc5 50. d6 f5 51. Rd8 fxe4 52. d7 Bb6 53.
Re8 Kf5 54. h5 Kg5 55. d8=Q+ Bxd8 56. Rxd8 Kxh5 57. Re8 Kg5 58. Rxe4 b3+ 59.
Kxb3 Kf5 60. Re8 1-0